De la revolución a la democracia: cambios privados, públicos y políticos de la izquierda argentina

Сохранить в:
Библиографические подробности
Главный автор: Ollier, María Matilde (autora)
Формат:
Язык:испанский
Опубликовано: Buenos Aires Siglo Veintiuno 2009
Редактирование:1a. ed
Серии:Historia y Cultura
Предметы:
Метки: Добавить метку
Нет меток, Требуется 1-ая метка записи!

MARC

LEADER 00000nam a2200000 a 4500
001 UCG6841
003 CL-VaPUC
008 110520e20090000AG |||||||||||||||||spa|d
020 |a 9789876290593 
082 0 4 |a 982.064  |b OLL  |2 21 
100 |a Ollier, María Matilde  |e autora  |9 557277 
245 1 0 |a De la revolución a la democracia: cambios privados, públicos y políticos de la izquierda argentina 
250 |a 1a. ed 
300 |a 304 p 
942 |c BK 
945 |d 20110520 00:00:00  |a jcampos 
260 |a Buenos Aires  |b Siglo Veintiuno  |c 2009 
650 7 |a HISTORIA DE ARGENTINA SIGLO 20  |2 CL-VaPUC  |9 332202 
650 0 |a Historia política  |9 256974 
650 0 |a Cambio social   |9 256857 
650 0 |a Democracia  |9 255256 
651 0 |a Argentina  |9 254888 
583 |a last modification  |c 20160913 09:56:49  |k Rodrigo Vera 
490 0 |a Historia y Cultura 
999 |c 344972  |d 344970 
952 |0 0  |1 0  |4 0  |6 982_064000000000000_OLL_2009  |7 0  |8 A  |9 443341  |a BIBHIS  |b BIBHIS  |d 2019-11-22  |i 4779088  |o 982.064 OLL 2009  |p 4779088  |r 2025-01-20  |w 2019-11-22  |y BK  |k HIS